| 000 | 00000nam##2200000za#4500 |
| 001 | 9.662324 |
| 003 | CaOODSP |
| 005 | 20210615120506 |
| 007 | ta |
| 008 | 150407|2000||||xxc||||| f|0| 0 fre|d |
| 020 | |a0-662-65348-3 |
| 040 | |aCaOODSP|bfre |
| 041 | |aeng |
| 041 | |afre |
| 043 | |an-cn--- |
| 086 | 1 |aSC94-75/2000 |
| 110 | 1 |aCanada.|bCentre canadien de gestion. |
| 245 | 13|aLa modernisation de la gouvernance : |bune première exploration / |cpréparé par Jane Jenson et al. |
| 260 | |aOttawa - Ontario : |bCentre canadien de gestion |c2000. |
| 300 | |aTexte français, iv, 197p. ; |c28 cm. |
| 500 | |aDonnées de catalogage avant publication (Canada) imprimées dans cette publication. |
| 546 | |aBilingue |
| 563 | |aReliure à anneaux |
| 590 | |a02-04|b2002-01-25 |
| 720 | 1 |aJenson, Jane |
| 776 | 0#|tLa modernisation de la gouvernance : |w(CaOODSP)9.640017 |
| 776 | 0#|tModernizing governance : |w(CaOODSP)9.695897 |
| 791 | |tModernizing governance : |eeng|w(CaOODSP)9.662323 |